00979 a2200169 4500001000500000005001700005008004100022003001500063040004000078080002200118245008500140264004300225300001800268505038600286100001900672856011800691190020260407155419.0260407a2005 arg spa dAR-UNSa-BCEJYS aAR-UNSa-BCEJYSbspacAR-UNSa-BCEJYS a657xContabilidad10aHaciendo contabilidadpteoría y práctica de las registraciones del ejercicio 1aBuenos Aires :bOsmar D. Buyattic2005 a447 p.c22 cm a1. Las relaciones de los socios y la sociedad - 2. Contingencias - 3. Componentes financieros y sobre precios - 4. Caja y bancos - 5. Créditos - 6. Bienes de cambio - 7. Bienes de uso - 8. Activos no operativos (inversiones) - 9. Bienes inmateriales - 10. Cargos diferidos - 11. Otros activos - 12. Obligaciones ciertas - 13. Obligaciones contingentes - 14. Utilidades diferidas 1 aTelese, Miguel41uhttps://biblioeco.unsa.edu.ar/pmb/images/libros/Haciendo contabilidad2-l116426.jpgyImagen de portadaqimage/jpeg